| 000 | 00608nam a2200205Ii 4500 | ||
|---|---|---|---|
| 003 | JO-AjNU | ||
| 008 | 230606s9999||||xx |||||||||||||| ||und|| | ||
| 020 | _a0-673-19526-0 | ||
| 040 |
_aJO-AjNU _beng _erda _cJO-AjNU |
||
| 041 | _aeng | ||
| 050 | 1 | 4 | _aPE1106 1991 |
| 100 | 3 |
_aPURPURA, JAMES E , DIANE PINKLEY , _eauthor _95840 |
|
| 245 | 0 | 0 | _aScottforesman English On Target 1 |
| 264 | 3 | 1 | _aU.S.AScottForesman, 1991 |
| 300 | _a132P | ||
| 336 |
_atext _btxt _2rdacontent |
||
| 337 |
_aunmediated _bn _2rdamedia |
||
| 338 |
_avolume _bnc _2rdacarrier |
||
| 650 | 4 |
_aEnglish Language - English Grammar _95841 |
|
| 999 |
_aE3029 _c3026 _d3026 |
||